John Maher of Delancey Street : (Record no. 598)

MARC details
000 -LEADER
fixed length control field 00729pam a2200265 i 4500
005 - DATE AND TIME OF LATEST TRANSACTION
control field 20260322212026.0
008 - FIXED-LENGTH DATA ELEMENTS--GENERAL INFORMATION
fixed length control field data
010 ## - LIBRARY OF CONGRESS CONTROL NUMBER
LC control number 75035880
020 ## - INTERNATIONAL STANDARD BOOK NUMBER
International Standard Book Number 0393074994
020 ## - INTERNATIONAL STANDARD BOOK NUMBER
International Standard Book Number 9780393074994
040 ## - CATALOGING SOURCE
Original cataloging agency DLC
Transcribing agency DLC
043 ## - GEOGRAPHIC AREA CODE
Geographic area code n-us-ca
049 ## - LOCAL HOLDINGS (OCLC)
Holding library YUSS
050 0# - LIBRARY OF CONGRESS CALL NUMBER
Classification number HV9306.S42
Item number D47
096 ## - LOCALLY ASSIGNED NLM-TYPE CALL NUMBER (OCLC)
Classification number WM 270 Sa32j 1976
001 - CONTROL NUMBER
control field data
100 1# - MAIN ENTRY--PERSONAL NAME
Personal name Sales, Grover.
245 10 - TITLE STATEMENT
Title John Maher of Delancey Street :
Remainder of title a guide to peaceful revolution in America /
Statement of responsibility, etc. by Grover Sales.
250 ## - EDITION STATEMENT
Edition statement 1st ed.
260 ## - PUBLICATION, DISTRIBUTION, ETC.
Place of publication, distribution, etc. New York :
Name of publisher, distributor, etc. Norton,
Date of publication, distribution, etc. c1976.
300 ## - PHYSICAL DESCRIPTION
Extent 176 p. :
Other physical details ill. ;
Dimensions 22 cm.
600 10 - SUBJECT ADDED ENTRY--PERSONAL NAME
Personal name Maher, John,
Dates associated with a name 1940-
610 20 - SUBJECT ADDED ENTRY--CORPORATE NAME
Corporate name or jurisdiction name as entry element Delancey Street Foundation.
650 #0 - SUBJECT ADDED ENTRY--TOPICAL TERM
Topical term or geographic name entry element Halfway houses
Geographic subdivision San Francisco.
-- San Francisco.
Holdings
Withdrawn status Lost status Damaged status Not for loan Home library Current library Shelving location Date acquired Total checkouts Full call number Barcode Date last seen Price effective from Koha item type
        Franklin Franklin General stacks 22/03/2026   HV9306.S42 D47 BC0010613 22/03/2026 22/03/2026 Books